000 00282nam a22001337a 4500
008 170327b xxu||||| |||| 00| 0 eng d
020 _a072163012
041 _aeng
080 _a615.83
100 _a8
101 _aSHM
245 _aPHYSICAL DIAGNOSIS
_cDELP.M.H
942 _2udc
_cBK
999 _c8747
_d8747